LEADER 02124oam 22005291 450 001 9910792106403321 005 20230617025033.0 010 $a0-19-151701-1 010 $a1-4294-5971-9 010 $a1-280-75299-8 035 $a(CKB)2560000000326480 035 $a(StDuBDS)EDZ0000156015 035 $a(MiAaPQ)EBC3052635 035 $a(Au-PeEL)EBL3052635 035 $a(CaPaEBR)ebr10263685 035 $a(CaONFJC)MIL75299 035 $a(OCoLC)922953607 035 $a(EXLCZ)992560000000326480 100 $a20040610d2004 uy 0 101 0 $aeng 135 $aur||||||||||| 181 $ctxt$2rdacontent 181 $csti$2rdacontent 182 $cc$2rdamedia 183 $acr$2rdacarrier 200 10$aAnarchism $ea very short introduction /$fColin Ward 210 1$aOxford :$cOxford University Press,$d2004 215 $a1 online resource (109 pages) $cillustrations, portraits 225 1 $aVery short introductions ;$v116 311 0 $a0-19-280477-4 311 0 $a0-19-177606-8 320 $aIncludes bibliographical references (p. 106) and index. 327 $aDefinitions and ancestors -- Revolutionary moments -- States, societies, and the collapse of socialism -- Deflating nationalism and fundamentalism -- Containing deviancy and liberating work -- Freedom in education -- The individualist response -- Quiet revolutions -- The federalist agenda -- Green aspirations and anarchist futures. 330 8 $aColin Ward explains what anarchism means and who anarchists are in this illuminating and accessible introduction to the subject. He considers anarchism from a variety of perspectives theoretical, historical and international, and by exploring key anarchist thinkers from Kropotkin to Chomsky. 410 0$aVery short introductions ;$v116. 606 $aAnarchism 606 $aAnarchism$xHistory 615 0$aAnarchism. 615 0$aAnarchism$xHistory. 676 $a335/.83 700 $aWard$b Colin$032764 801 0$bMiAaPQ 801 1$bMiAaPQ 801 2$bMiAaPQ 912 $a9910792106403321 996 $aAnarchism$91943049 997 $aUNINA LEADER 03333oam 2200601I 450 001 9910797031903321 005 20230725061033.0 010 $a0-429-19157-X 010 $a1-4398-0571-7 024 7 $a10.1201/9781439805718 035 $a(CKB)3710000000391251 035 $a(EBL)1447128 035 $a(SSID)ssj0001457959 035 $a(PQKBManifestationID)12555146 035 $a(PQKBTitleCode)TC0001457959 035 $a(PQKBWorkID)11442215 035 $a(PQKB)11354160 035 $a(MiAaPQ)EBC1447128 035 $a(Au-PeEL)EBL1447128 035 $a(CaPaEBR)ebr11166223 035 $a(OCoLC)908077594 035 $a(EXLCZ)993710000000391251 100 $a20180706d2011 uy 0 101 0 $aeng 135 $aur|n|---||||| 181 $ctxt 182 $cc 183 $acr 200 10$aAdvanced thermodynamics engineering /$fby Kalyan Annamalai, Ishwar K. Puri and Milind A. Jog 205 $aSecond edition. 210 1$aBoca Raton, FL :$cCRC Press, an imprint of Taylor and Francis,$d2011. 215 $a1 online resource (1134 p.) 225 1 $aComputational Mechanics and Applied Analysis 300 $aDescription based upon print version of record. 311 $a1-4398-0572-5 320 $aIncludes bibliographical references and index. 327 $aFront Cover; Contents; List of Tables in Appendix A; List of Figures in Appendix B; Preface to Second Edition; Nomenclature; Thermolab ExcelŽ-Based Software for Thermodynamic Properties, Flame Temperatures of Fuels, Conversion Units, Math Functions and Other Properties; Four Important Equations in Analysis of Thermal Systems; Chapter 1: Introduction; Chapter 2: First Law of Thermodynamics; Chapter 3: Second Law of Thermodynamics and Entropy; Chapter 4: Availability; Chapter 5: Postulatory (Gibbsian) Thermodynamics; Chapter 6: State Relationships for Real Gases and Liquids 327 $aChapter 7: Thermodynamic Properties of Pure FluidsChapter 8: Thermodynamic Properties of Mixtures; Chapter 9: Phase Equilibrium for a Mixture; Chapter 10: Stability; Chapter 11: Chemically Reacting Systems; Chapter 12: Reaction Direction and Chemical Equilibrium; Chapter 13: Availability Analysis for Reacting Systems; Chapter 14: Thermodynamics and Biological Systems; Problems; A Summary of Chapterwise Formulae; Appendix A: Tables; Appendix B: Figures; Bibliography; Back Cover 330 3 $aAdvanced Thermodynamics Engineering, Second Edition is designed for readers who need to understand and apply the engineering physics of thermodynamic concepts. It employs a self-teaching format that reinforces presentation of critical concepts, mathematical relationships, and equations with concrete physical examples and explanations of applications?to help readers apply principles to their own real-world problems. 410 0$aCRC series in computational mechanics and applied analysis. 606 $aThermodynamics 615 0$aThermodynamics. 676 $a621.402/1 686 $aSCI024000$aSCI065000$aTEC009070$2bisacsh 700 $aAnnamalai$b Kalyan$0771468 702 $aJog$b Milind A. 702 $aPuri$b Ishwar Kanwar$f1959- 801 0$bFlBoTFG 801 1$bFlBoTFG 906 $aBOOK 912 $a9910797031903321 996 $aAdvanced thermodynamics engineering$93710497 997 $aUNINA